00924nam a2200229 a 450000100060000000300080000600500170001400800410003103500200007204000380009204100080013008200260013811000610016424501080022526000660033330000310039950000590043065000340048994200120052399900170053595201420055251276BD-RjUL20211209075632.0160830s1954 nyua i000 0 eng  a(BD-RjUL) 51396 aDLCcTXAdm.c.dSERdBD-RjULbeng aeng a332.673223bUNI 19542 aUnited Nations.bDepartment of Economic Affairs.915337914aThe International flow of private capital, 1946-1952 /cUnited Nations. Department of Economic Affairs. aNew York :bUnited Nations, Dept. of Economic Affairs,c1954. av, 61 p. :bill. ;c23 cm. a"United Nations publication. Sales No. : 1954.II.D.1." 0aInvestments, Foreign.9153374 2ddccBK c51276d51276 00102ddc40708NFICaRUCLbRUCLcStackd1955-08-30eT. Book Sellerg1.00l0o332.673 UNI 1954r2016-08-30 00:00:00tC-2w2016-08-30yBK